000 02279cam a22005654i 4500
003 PE-LiUPU
005 20250731165508.0
008 171018s2017 ag a rb 000 0 spa d
020 _a9789871305988
035 _a(Sirsi) a239810
040 _aPE-LiUPU
_bspa
_cPE-LiUPU
_erda
049 _aPRUA
082 0 4 _a070.573
_J27
_220
100 1 _aTarango, Javier,
_eautor.
245 1 0 _aGestión de la producción científica en instituciones de conocimiento.
_nVolumen 1,
_pVisiones teóricas de la economía del conocimiento y del rol de los profesionales de la información /
_cJavier Tarango.
250 _a1a edición.
264 1 _aBuenos Aires :
_balfagrama,
_c2017.
300 _a165 páginas :
_bilustraciones ;
_c23 centímetros.
336 _atext
_2rdacontent
337 _aunmediated
_2rdamedia
338 _avolume
_2rdacarrier
490 0 _aBiblioteca Alfagrama
500 _aLa biblioteca solo posee el volumen 1.
504 _aBibliografía : al final de cada capítulo.
505 0 _aLa competitividad cientìfica de las universidades e instituciones de investigaciòn en la economia del conocimiento -- productividad, producciòn, diseminaciòn y comunicaciòn cientìfica -- perfil y competencias de los profecionales de la informaciòn como gestores de la producciòn y comunicaciòn cientìfica -- un modelo de apoyo para la producciòn y comunicaciòn cientìfica.
526 _aSEG44
526 _aSEG26
526 _aP151
526 _aP150
526 _aP149
526 _aP146
526 _aP145
526 _aP126
526 _aP125
526 _aP92
526 _aP75
526 _aP74
526 _aP27
526 _aP15
650 0 4 _aGestión del conocimiento Instituciones académicas y sociedades.
650 0 4 _aInformación científica.
650 0 4 _aCiencia de la información y perfil profesional.
650 0 4 _aInvestigación académica.
910 _adbm
_bksl
_cksl
_d20171018
942 _2ddc
_cBOOK
994 _aC0
_bPEPRU
596 _a1
999 _a070.573 J27
_wLC
_c25488
_i76861
_f2021-11-8
_g4
_lCCODEBUL1
_mBUL
_p30.00
_r0
_sY
_tBOOK
_u2017-10-18
_xEDUCACION
_PP20
_0COMPRA
_d25488
980 _81
_gALBERTO SANCHEZ Responsable de Automatización